000 00282nam a22001337a 4500
003 SGT
082 _a618.92
_bP14A
100 _aAGRAWAL, K.N.
245 _aTB. OF PEDIATRICS
260 _aINDIA
_bANE BOOKS
_c2014
300 _a422
650 _aPEDIATRICS
942 _2ddc
_cBK
_02
999 _c14687
_d14687